000 01109nam a2200277 i 4500
001 bg
245 0 0 _aKompendium wiedzy o zarządzaniu projektami :
_bPMBOK guide 2000 ed. /
_ctł. Management Training & Development Center ; kom. red. Paweł Dąbrowski [et al.].
246 _iTyt. oryg.:
_aA guide to the Project Management Body of Knowledge. PMBOK Guide
260 _aWarszawa :
_bMT & DC,
_c2003.
300 _a292 s. :
_bwykr. ;
_c24 cm.
490 1 _aAkademia Zarządzania Projektami
500 _aTyt. oryg.: "A guide to the Project Management Body of Knowledge. PMBOK Guide". 2000 ed.
650 9 _aZarządzanie projektami
655 _aPoradniki
700 1 _aDąbrowski, Paweł.
_eTł.
710 0 _aManagement Training & Development Center
830 _aAkademia Zarządzania Projektami
020 _a8391946207
040 _cBPK
041 1 _apol
_heng
080 _a658.1/.5.012.2/.4(083.1)
920 _a83-919462-0-7
942 _cKS
008 s pl f |000 0 pol
999 _c46251
_d46251
856 _uhttp://koha.tu.koszalin.pl/cgi-bin/koha/opac-detail.pl?biblionumber=46251
_yKatalog online BPK